| 000 | 00914nam a2200313 a 4500 | ||
|---|---|---|---|
| 001 | 76628 | ||
| 003 | BD-RjUL | ||
| 005 | 20211209082851.0 | ||
| 008 | 191226s1968 enk b 001 0 eng | ||
| 020 | _a0713154365 | ||
| 035 | _a(BD-RjUL)76852 | ||
| 040 |
_aDLC _cDLC _dDLC _dBD-RjUL _beng |
||
| 041 | _aeng | ||
| 082 | 0 | 0 |
_a813.54 _bRAM 1968 |
| 100 | 1 |
_aRaban, Jonathan. _99767 |
|
| 245 | 1 | 0 |
_aMark Twain: Huckleberry Finn / _cby Jonathan Raban |
| 260 |
_aLondon: _bEdward Arnold, _c1968. |
||
| 300 |
_a63 p. _c20 cm. |
||
| 350 | _a10/6 | ||
| 490 | 0 | _aStudies in English literature, no. 36 | |
| 504 | _aBibliography: p.61. | ||
| 600 | 1 | 0 |
_aTwain, Mark, _d1835-1910. _tAdventures of Huckleberry Finn. _9236959 |
| 650 | 0 |
_aBoys in literature. _9236957 |
|
| 651 | 0 |
_aMississippi River _xIn literature. _9236958 |
|
| 942 |
_2ddc _cBK |
||
| 999 |
_c76628 _d76628 |
||